000 00628nam a22001937a 4500
005 20251108172629.0
008 250721s2001 xx 000 0 ara d
082 1 4 _a922,19/شغر
100 1 _aالشغراني، أبو المواهب عبد الوهاب بن أحمد
245 1 0 _aالطبقات الكبرى /
264 1 _aالقاهره :
_bمكتبه الأداب،
_c2001.
300 _aج
650 1 7 _aالتصوف الإسلامي
650 1 7 _aالتراجم
650 1 7 _aالتاريخ الإسلامي
700 1 _aمحمود، عبدالرحمن حسن
_eمحقق
942 _2ddc
_cBK
999 _c84501
_d84501